Dirāsāt fī al-madhāhib al-adabīyah wa-al-ijtimāʻīyah. (Record no. 50883)

MARC details
000 -LEADER
fixed length control field 00603cam a22001931 4500
001 - CONTROL NUMBER
control field ne 68003931
003 - CONTROL NUMBER IDENTIFIER
control field DLC
005 - DATE AND TIME OF LATEST TRANSACTION
control field 20260227111848.0
008 - FIXED-LENGTH DATA ELEMENTS--GENERAL INFORMATION
fixed length control field 810922s1967 ua 000 0 arar
010 ## - LIBRARY OF CONGRESS CONTROL NUMBER
LC control number ne 68003931
025 ## - OVERSEAS ACQUISITION NUMBER
Overseas acquisition number PL480:UAR-9576
035 ## - SYSTEM CONTROL NUMBER
System control number (OCoLC)7782730
040 ## - CATALOGING SOURCE
Original cataloging agency DLC
Transcribing agency TU
Modifying agency TU
-- DLC
050 00 - LIBRARY OF CONGRESS CALL NUMBER
Classification number AC106
Item number .A634 1967
100 1# - MAIN ENTRY--PERSONAL NAME
Personal name ʻAqqād, ʻAbbās Maḥmūd,
Dates associated with a name 1889-1964.
245 10 - TITLE STATEMENT
Title Dirāsāt fī al-madhāhib al-adabīyah wa-al-ijtimāʻīyah.
Statement of responsibility, etc. [taʼlīf] ʻAbbās Maḥmūd al-ʻAqqād.
260 ## - PUBLICATION, DISTRIBUTION, ETC.
Place of publication, distribution, etc. [al-Qāhirah]
Name of publisher, distributor, etc. Maktabat Gharīb
Date of publication, distribution, etc. [1967]
300 ## - PHYSICAL DESCRIPTION
Extent 250 p.
Dimensions 24 cm.

No items available.

Powered by Koha